000 01608nam a22002417a 4500
999 _c59926
_d59926
003 Ge_BSU
005 20230517112255.0
008 230517s2021 ge ||||| |||| 00| 0 geo d
020 _a1512-4991
041 _ageo
080 _a378(063)+94(479.23) ბ-17
245 _aბათუმის შოთა რუსთაველის სახელმწიფო უნივერსიტეტი :
_b ნიკო ბერძენიშვილის ინსტიტუტის შრომები XV /
_cრედაქტორები: როინ მალაყმაძე, ოლეგ ჯიბაშვილი; ბათუმის შოთა რუსთაველის სახელმწიფო უნივერსიტეტი. ნიკო ბერძენიშვილის ინსტიტუტი
264 _aბათუმი:
_bბსუ,
_c2021.
300 _a397 გვ.;
_b25 სმ.
504 _aბიბლიოგრ. თავების ბოლოს
653 _aარქეოლოგია
653 _aეთნოლოგია
653 _aისტორია
700 _a მალაყმაძე, როინ
_eრედაქტორი
_918087
700 _aჯიბაშვილი, ოლეგ
_eრედაქტორი
_918088
710 _aბათუმის შოთა რუსთაველის სახელმწიფო უნივერსიტეტი.
_b ნიკო ბერძენიშვილის ინსტიტუტი
_918089
942 _2udc
_cBK